Matematika príprava na univerzitné štúdium 2

Bibliographic Details
Main Author: Marko, Ľubomír, 1952- (Author)
Format: Book
Language:Slovak
PhysicalDescription:104 s. sch., tab. 30 cm
Published: Bratislava Slovenská technická univerzita [1998]
ISBN:8022714526
Edition:2. vyd., 1. dotl.
Series:Edícia príručiek / Slovenská technická univerzita
Subjects:

MARC

LEADER 00000nam a2200000 a 4500
001 vtls001412708
003 SK-MaSNL
005 20260301120405.0
008 171215s2000 xo p r y 0 slo
015 |a SNBA2001/08-02834 
020 |a 8022714526 
035 |a SNK000367425 
035 |a urn:nbn:sk:snk-amtkri 
035 |a urn:nbn:sk:snk-am00c81k 
035 |a 44253891-BA79-42ED-A589-C0B4D7FE302E 
040 |a SNK  |b slo  |c SNK  |e AACR2 
041 0 |a slo 
044 |a xo  |c SK 
080 |a 51(079.1)  |2 1981 
245 0 0 |a Matematika  |b príprava na univerzitné štúdium  |n 2  |c Ľubomír Marko ... [et al.] 
250 |a 2. vyd., 1. dotl. 
260 |a Bratislava  |b Slovenská technická univerzita  |c [1998]  |g 2000 
300 |a 104 s.  |b sch., tab.  |c 30 cm 
490 1 |a Edícia príručiek / Slovenská technická univerzita 
500 |a 30 výtl. 
650 0 7 |a matematika  |x skúšky prijímacie  |x školy vysoké  |x príručky  |2 SNK  |9 384248 
655 7 |a príručky  |2 SNK  |9 74364 
700 1 |a Marko, Ľubomír,  |d 1952-  |4 aut  |9 195122 
810 2 |a Slovenská technická univerzita v Bratislave  |t Edícia príručiek  |9 195104 
919 |a 80-227-1452-6 
958 |a TL 
999 |c 725743  |d 727673 
952 |t P60, <04>, [BOOK], {604}  |a SNK  |b SNK  |y VYP  |7 0  |p 17A0300755  |o snkSB 63458/2 D1  |i snkKSP 6281/2001  |0 0  |1 0  |4 0  |d 2001-05-18  |l 0  |r 2005-01-02 00:00:00  |w 2026-02-23 
952 |t P60, <03>, [BOOK], {603}  |a SNK  |b SNK  |y PREZ  |7 0  |p 17A0300756  |o snkSB 63458/2  |i snkKSP 6280/2001  |0 0  |1 0  |4 0  |d 2001-05-18  |f 1  |l 0  |r 2025-04-15 00:00:00  |w 2026-02-23